[Event "POLFINAL MISTRZOSTW POLSKI JUNIOROW 2016 - D15"]
[Site "Centrum Kongresow i Rekreacji Orle Gniazdo ul. Wrzosowa 28a, Szczyrk"]
[Date "1899-12-30"]
[Round "1.1"]
[White "Wasala, Wiktoria"]
[Black "Gredka, Dominika"]
[Result "0-1"]
[WhiteTitle "I"]
[BlackTitle "I++"]
[WhiteElo "1370"]
[BlackElo "1629"]

1. e4 e5 2. Nf3 d6 3. d4 exd4 4. Nxd4 Nf6 5. Nc3 Be7 6. Bc4 O-O 7. O-O c6 8. Be3
b5 9. Bd3 a6 10. b3 Re8 11. h3 Bf8 12. Qf3 Bb7 13. a3 Nbd7 14. Nf5 Ne5 15. Qg3
Ng6 16. h4 c5 17. f3 Rc8 18. Be2 b4 19. Nd1 d5 20. Nf2 dxe4 21. f4 Qd5 22. Qg5
Ne7 23. Nh6+ Kh8 24. Bc4 gxh6 25. Qxf6+ Bg7 26. Qxg7+ Kxg7 27. Bxd5 Nxd5 28. Bc1
f6 29. Re1 Nc3 30. Bd2 a5 31. axb4 axb4 32. Ra7 Rc7 33. Bxc3 bxc3 0-1

[Event "POLFINAL MISTRZOSTW POLSKI JUNIOROW 2016 - D15"]
[Site "Centrum Kongresow i Rekreacji Orle Gniazdo ul. Wrzosowa 28a, Szczyrk"]
[Date "1899-12-30"]
[Round "1.2"]
[White "Bilczewska, Olga"]
[Black "Surpeta, Julia"]
[Result "1-0"]
[WhiteTitle "I"]
[BlackTitle "I"]
[WhiteElo "1625"]
[BlackElo "1301"]

1. e4 Nc6 2. Nf3 e5 3. Bc4 Be7 4. d3 Nf6 5. c3 O-O 6. Nbd2 d5 7. exd5 Nxd5 8. Ne4
Nb6 9. Bb3 Kh8 10. Nfg5 Nd5 11. Qh5 h6 12. Nxf7+ Rxf7 13. Qxf7 Nf6 14. Nxf6 Bxf6
15. Qg6 Ne7 16. Qg3 Bf5 17. Bc2 Qd7 18. O-O Rd8 19. Qf3 c6 20. h3 Bh7 21. Bxh6
Nf5 22. Be3 Qe7 23. Rad1 c5 24. Rfe1 Rc8 25. Bb3 b5 26. Qg4 Nd6 27. Qh5 g6 28.
Qe2 c4 29. dxc4 bxc4 30. Bc2 Nf5 31. Qd2 Qf8 32. Qd7 Nxe3 33. fxe3 Qc5 34. Qg4
Rg8 35. Qf3 Bh4 36. Rf1 Bg5 37. Rd7 Bxe3+ 38. Kh1 Bf4 39. Qb7 1-0

[Event "POLFINAL MISTRZOSTW POLSKI JUNIOROW 2016 - D15"]
[Site "Centrum Kongresow i Rekreacji Orle Gniazdo ul. Wrzosowa 28a, Szczyrk"]
[Date "1899-12-30"]
[Round "1.3"]
[White "Mytych, Wiktoria"]
[Black "Michalska, Aleksandra"]
[Result "0-1"]
[WhiteTitle "I"]
[BlackTitle "I"]
[WhiteElo "1277"]
[BlackElo "1568"]

1. e4 e5 2. Nf3 Nc6 3. Nc3 Nf6 4. Bb5 Bc5 5. O-O d6 6. Bxc6+ bxc6 7. h3 Qe7 8.
d3 O-O 9. Qe2 Nd7 10. Re1 Ba6 11. Be3 Bb6 12. Qd2 Ba5 13. Rab1 Bb7 14. a3 Kh8
15. d4 exd4 16. Nxd4 Ne5 17. Nb3 Bb6 18. Bxb6 axb6 19. Nd4 Qf6 20. Nde2 Qe6 21.
Ng3 Qxh3 22. Qg5 Qg4 23. Qxg4 Nxg4 24. f3 Nh6 25. Nh5 Rae8 26. Re2 Re5 27. Nf4
Rfe8 28. Nd3 R5e7 29. Ree1 Kg8 30. Kf2 f6 31. Nf4 Nf7 32. Nce2 Ng5 33. Ng3 g6
34. Rh1 d5 35. exd5 cxd5 36. Rbd1 c6 37. c3 Ba6 38. b3 f5 39. Rh6 Rg7 40. Ngh5
gxh5 41. Rxc6 Rb8 42. Nxh5 Rg6 43. Rxg6+ hxg6 44. Nf4 Kf7 45. Rxd5 Ne6 46. Nxe6
Kxe6 47. Rd4 Rc8 48. Rb4 Rc6 49. g4 Bd3 50. gxf5+ Bxf5 51. c4 Rd6 52. Kg3 Ke5
53. a4 Kd4 54. Rb5 Bc2 55. a5 bxa5 56. Rxa5 Bxb3 57. Rd5+ Rxd5 58. cxd5 Kxd5 59.
Kf4 Kd4 60. Kg5 Bc2 61. Kf4 Bd3 62. Kg4 Ke3 63. Kg3 Bf1 64. Kg4 Bd3 65. Kg3 Be2
66. f4 Bd1 0-1

[Event "POLFINAL MISTRZOSTW POLSKI JUNIOROW 2016 - D15"]
[Site "Centrum Kongresow i Rekreacji Orle Gniazdo ul. Wrzosowa 28a, Szczyrk"]
[Date "1899-12-30"]
[Round "1.4"]
[White "Ossolinska, Matylda"]
[Black "Choinska, Debora"]
[Result "1-0"]
[WhiteTitle "I"]
[BlackTitle "I"]
[WhiteElo "1565"]
[BlackElo "1274"]

1. e4 d6 2. d4 Nf6 3. Nc3 Nbd7 4. Nf3 e5 5. Bc4 Be7 6. O-O c6 7. a4 b6 8. Re1 O-O
9. h3 Qc7 10. dxe5 dxe5 11. Qe2 h6 12. Be3 Re8 13. Nd2 Nf8 14. Rad1 Be6 15. Nf1
Bb4 16. Bd2 Bd7 17. Bxf7+ Kxf7 18. Qc4+ Ne6 19. Qxb4 Nd4 20. Qc4+ Be6 21. Qd3
Rad8 22. Nb1 b5 23. axb5 cxb5 24. Na3 a6 25. Kh1 Nb3 26. Qe2 Nxd2 27. Rxd2 Rxd2
28. Nxd2 b4 29. Nac4 Rd8 30. b3 a5 31. Ra1 Ra8 32. Qd3 Ke7 33. c3 bxc3 34. Qxc3
Bxc4 35. bxc4 Nd7 36. Nf3 Qc5 37. Qc2 Nb6 38. Qc3 Nd7 39. Ra2 Ke6 40. Ne1 Nb6
41. Nd3 Qc7 42. Rxa5 Rxa5 43. Qxa5 Qc6 44. Qxe5+ Kf7 45. Qf5+ Kg8 46. c5 Nd7 47.
Qd5+ Qxd5 48. exd5 Kf7 49. g4 Nf6 1-0

[Event "POLFINAL MISTRZOSTW POLSKI JUNIOROW 2016 - D15"]
[Site "Centrum Kongresow i Rekreacji Orle Gniazdo ul. Wrzosowa 28a, Szczyrk"]
[Date "1899-12-30"]
[Round "1.5"]
[White "Jedras, Adrianna"]
[Black "Hryn, Zofia"]
[Result "0-1"]
[WhiteTitle "I"]
[BlackTitle "I"]
[WhiteElo "1244"]
[BlackElo "1549"]

1. e4 c5 2. Nf3 d6 3. d4 cxd4 4. Nxd4 Nf6 5. Nc3 Nc6 6. f3 e5 7. Nb3 Be6 8. Nd5
a6 9. Bg5 h6 10. Bxf6 gxf6 11. Qd2 Rc8 12. c4 f5 13. Qf2 Bxd5 14. exd5 Na5 15.
Nxa5 Qxa5+ 16. Qd2 Qxd2+ 17. Kxd2 h5 18. b3 Bh6+ 19. Kd1 Be3 20. Bd3 f4 21. Bf5
Rc7 22. Bh3 Ke7 23. Ke2 h4 24. Kd3 Kf6 25. Rae1 Kg5 26. Re2 f5 27. Rxe3 fxe3 28.
Kxe3 b5 29. g3 hxg3 30. hxg3 Rch7 31. f4+ exf4+ 32. gxf4+ Kf6 33. Bxf5 Rxh1 34.
Be6 R8h2 35. cxb5 axb5 36. a4 bxa4 37. bxa4 Ra1 38. Bd7 Ra3+ 39. Ke4 Rb2 40. Kd4
Rb4# 0-1

[Event "POLFINAL MISTRZOSTW POLSKI JUNIOROW 2016 - D15"]
[Site "Centrum Kongresow i Rekreacji Orle Gniazdo ul. Wrzosowa 28a, Szczyrk"]
[Date "1899-12-30"]
[Round "1.6"]
[White "Krzysztynska, Anna"]
[Black "Lewicka, Natalia"]
[Result "1-0"]
[WhiteTitle "I"]
[BlackTitle "II"]
[WhiteElo "1541"]
[BlackElo "1240"]

1. e4 e5 2. Nf3 Nc6 3. Bb5 d6 4. c3 Bd7 5. d3 Nf6 6. Be3 g6 7. Nbd2 Bg7 8. O-O
O-O 9. Re1 Ne7 10. Bc4 Be6 11. Bb3 Qd7 12. Nf1 Ng4 13. Bd2 Qb5 14. Ng5 Bxb3 15.
Qxg4 Bc2 16. b3 h5 17. Qf3 Qxd3 18. Re3 Qa6 19. c4 f5 20. Rc3 Bxe4 21. Nxe4 fxe4
22. Qxe4 Qc6 23. Qxc6 Nxc6 24. Rg3 Kh7 25. Ne3 Nd4 26. Re1 Rf7 27. Bc3 Raf8 28.
f3 Nf5 29. Rh3 Nxe3 30. Rxe3 Bh6 31. Re2 c6 32. c5 dxc5 33. Rxe5 Rf5 34. Re7+
R8f7 35. Re8 Bg7 36. Bxg7 Kxg7 37. Rh4 Rf4 38. Rxf4 Rxf4 39. Kf2 Kf7 40. Rb8 Rb4
41. Ke3 a5 42. Ra8 b6 43. Kd3 Rd4+ 44. Kc2 Rd7 45. Rb8 b5 46. Ra8 Re7 47. Kd3
Rd7+ 48. Ke3 c4 49. bxc4 bxc4 50. Rxa5 Rd3+ 51. Ke2 Ke6 52. Rc5 Rd5 53. Rxc6+
Kf5 54. Rxc4 Ra5 55. a4 g5 56. Rb4 Kf6 57. Ke3 Re5+ 58. Kd3 h4 59. Rb5 Re6 60.
a5 Rd6+ 61. Kc3 Kf7 62. Rxg5 Re6 63. Kb4 Re2 64. a6 Rb2+ 65. Ka5 Ra2+ 66. Kb6
Rb2+ 67. Rb5 Rxg2 68. a7 Rg8 69. Kb7 Kf6 70. a8=Q Rxa8 71. Kxa8 Kg6 72. Kb7 Kh6
73. Kc6 Kg6 74. Kd6 Kh6 75. Ke6 Kg6 76. Rf5 Kh6 77. Kf6 Kh7 78. Rh5+ Kg8 79. Rxh4
Kf8 80. Rh8# 1-0

[Event "POLFINAL MISTRZOSTW POLSKI JUNIOROW 2016 - D15"]
[Site "Centrum Kongresow i Rekreacji Orle Gniazdo ul. Wrzosowa 28a, Szczyrk"]
[Date "1899-12-30"]
[Round "1.7"]
[White "Nalezna, Gabriela"]
[Black "Karlyk, Maria"]
[Result "0-1"]
[WhiteTitle "II+"]
[BlackTitle "I"]
[WhiteElo "1233"]
[BlackElo "1517"]

1. e4 c5 2. Nf3 d6 3. Bb5+ Bd7 4. Bxd7+ Qxd7 5. Nc3 Nc6 6. d4 cxd4 7. Nxd4 Nxd4
8. Qxd4 e5 9. Qd3 a6 10. O-O Ne7 11. Rd1 Rd8 12. b3 b5 13. a4 b4 14. Nd5 Nxd5
15. Qxd5 Be7 16. Qa5 Qb7 17. Qd5 Qd7 18. h3 O-O 19. Bb2 Qa7 20. Bc1 Rc8 21. Ra2
Rc5 22. Qd3 Qb7 23. Be3 Rc3 24. Qd5 Qc7 25. Rc1 a5 26. Rb2 Rc8 27. Qd2 Qc6 28.
f3 Bd8 29. Kh1 h6 30. Ra2 Bf6 31. Kh2 Rxe3 32. Qxe3 Bg5 33. Qe1 Bxc1 34. Qxc1
d5 35. Qe3 dxe4 36. fxe4 Rd8 37. Qe2 Qf6 38. Kh1 Qg5 39. Qf1 Rd2 40. Rb2 Qg3 41.
Rb1 Rf2 42. Qg1 Rxc2 43. Qf1 Rf2 44. Qg1 f6 45. Rc1 Kh7 46. Rb1 h5 47. Rc1 Re2
48. Rb1 h4 49. Qf1 Rf2 50. Qg1 Qf4 51. Re1 g5 52. Qh2 Qd2 53. Qg1 Qf4 54. Qh2
Rf1+ 55. Rxf1 Qxf1+ 56. Qg1 Qxg1+ 57. Kxg1 Kg6 58. Kf2 f5 59. Kf3 fxe4+ 60. Kxe4
Kf6 61. Ke3 Kf5 62. Kf3 e4+ 63. Ke3 Ke5 64. Ke2 Kd4 65. Kd2 e3+ 66. Ke2 Ke4 67.
Ke1 Kd3 68. Kd1 e2+ 69. Ke1 Ke3 70. g3 hxg3 71. h4 g2 72. hxg5 g1=Q# 0-1

[Event "POLFINAL MISTRZOSTW POLSKI JUNIOROW 2016 - D15"]
[Site "Centrum Kongresow i Rekreacji Orle Gniazdo ul. Wrzosowa 28a, Szczyrk"]
[Date "1899-12-30"]
[Round "1.8"]
[White "Koruch, Maria"]
[Black "Mykhaylyak, Wiktoria"]
[Result "1-0"]
[WhiteTitle "I"]
[BlackTitle "I"]
[WhiteElo "1497"]
[BlackElo "1197"]

1. e4 c5 2. Nf3 d6 3. d4 Nd7 4. Nc3 g6 5. Be3 Bg7 6. dxc5 Bxc3+ 7. bxc3 dxc5 8.
Bb5 Qa5 9. Qd3 a6 10. Bc4 Ngf6 11. e5 Ng4 12. Bf4 Qc7 13. Bxf7+ Kf8 14. Qe4 Kg7
15. h3 Nh6 16. Bxh6+ Kxh6 17. Qh4+ Kg7 18. Qxe7 Qd8 19. Qxd8 Rxd8 20. e6 Nf6 21.
Rd1 Rxd1+ 22. Kxd1 Ne4 23. Re1 Nd6 24. Ne5 Kf6 25. e7 Kxe7 26. Nc4+ Kxf7 27. Nxd6+
Kf6 28. Re8 b5 29. Rxc8 Rxc8 30. Nxc8 Ke6 31. c4 Ke5 32. Nb6 Kd4 33. Kd2 b4 34.
Nd5 Kxc4 35. Nf6 h5 36. g4 h4 37. Nh7 Kd4 38. Nf8 c4 39. Nxg6 a5 40. Nxh4 a4 41.
Nf5+ Kc5 42. Kc1 b3 43. cxb3 cxb3 44. axb3 a3 45. Kb1 Kb5 46. h4 Kb4 47. Ka2 1-0

[Event "POLFINAL MISTRZOSTW POLSKI JUNIOROW 2016 - D15"]
[Site "Centrum Kongresow i Rekreacji Orle Gniazdo ul. Wrzosowa 28a, Szczyrk"]
[Date "1899-12-30"]
[Round "1.9"]
[White "Kubiak, Aleksandra"]
[Black "Trembowiecka-wysota, Aleksandra"]
[Result "1/2-1/2"]
[WhiteTitle "II"]
[BlackTitle "I"]
[WhiteElo "1167"]
[BlackElo "1491"]

1. e4 c5 2. Bc4 d6 3. Nc3 Nf6 4. f4 Nc6 5. Nf3 e6 6. O-O d5 7. exd5 exd5 8. Bb3
c4 9. Ba4 Bc5+ 10. Kh1 O-O 11. d4 cxd3 12. Qxd3 d4 13. Ne4 Bf5 14. Nxf6+ Qxf6
15. Qc4 Bb6 16. Bd2 Rac8 17. c3 Rfd8 18. Qe2 dxc3 19. Bxc3 Qd6 20. Ne5 Nxe5 21.
Qxe5 Qg6 22. Rae1 Bc5 23. Rd1 Be4 24. Qg5 Qxg5 25. fxg5 b6 26. Bb3 Bg6 27. Rfe1
Re8 28. Rf1 Rcd8 29. Ba4 Rf8 30. Bb3 Rfe8 31. Ba4 Rf8 32. Bb3 Bh5 33. Rde1 Rfe8
34. Rxe8+ Rxe8 35. Bc4 Kf8 36. h3 Be3 37. Bb4+ Kg8 38. Re1 Re5 39. Bc3 Re7 40.
Bb4 Re5 1/2-1/2

[Event "POLFINAL MISTRZOSTW POLSKI JUNIOROW 2016 - D15"]
[Site "Centrum Kongresow i Rekreacji Orle Gniazdo ul. Wrzosowa 28a, Szczyrk"]
[Date "1899-12-30"]
[Round "1.10"]
[White "Lascar, Maria Elena"]
[Black "Palka, Aleksandra"]
[Result "0-1"]
[WhiteTitle "I+"]
[BlackTitle "II"]
[WhiteElo "1473"]
[BlackElo "1108"]

1. e4 c6 2. d4 d5 3. exd5 cxd5 4. Bd3 Nf6 5. c3 Nc6 6. Nf3 Bg4 7. h3 Bh5 8. g4
Bg6 9. Bxg6 hxg6 10. g5 Ne4 11. Ne5 e6 12. Qg4 Nxe5 13. dxe5 Qb6 14. O-O Bc5 15.
Qf3 Rh5 16. Qg2 Be7 17. Be3 Qxb2 18. f3 Qxg2+ 19. Kxg2 Nxg5 20. Rh1 f6 21. exf6
gxf6 22. Nd2 Kd7 23. Rab1 b6 24. f4 Nf7 25. Nf3 Rc8 26. Rhc1 Nd6 27. Nd4 Nc4 28.
Bf2 Bc5 29. Rh1 Rf8 30. Rbd1 e5 31. Ne2 Kc6 32. Ng3 Rh4 33. Ne2 Bxf2 34. Kxf2
exf4 35. Nd4+ Kd6 36. Nb5+ Kc5 37. Nd4 Re8 38. Nb3+ Kd6 39. Nd4 f5 40. Rhg1 Rh6
41. Kf3 Rxh3+ 42. Kxf4 Re4+ 43. Kg5 Ne5 44. Nb5+ Ke7 45. Rxd5 Rh5# 0-1

[Event "POLFINAL MISTRZOSTW POLSKI JUNIOROW 2016 - D15"]
[Site "Centrum Kongresow i Rekreacji Orle Gniazdo ul. Wrzosowa 28a, Szczyrk"]
[Date "1899-12-30"]
[Round "1.11"]
[White "Majdecka, Nikola"]
[Black "Robakowska, Paulina"]
[Result "1/2-1/2"]
[WhiteTitle "III"]
[BlackTitle "I"]
[WhiteElo "1060"]
[BlackElo "1379"]

1. e4 c5 2. Nf3 Nc6 3. d4 cxd4 4. Nxd4 Nf6 5. Nxc6 bxc6 6. Nc3 e6 7. e5 Nd5 8.
Nxd5 cxd5 9. Bd3 Qc7 10. Qe2 Rb8 11. O-O Bc5 12. Kh1 Bd4 13. f4 Bxb2 14. Bxb2
Rxb2 15. Rfb1 Rb7 16. h3 O-O 17. Qh5 g6 18. Qg5 d6 19. h4 dxe5 20. fxe5 Qe7 21.
Qg3 Rxb1+ 22. Rxb1 f5 23. Rf1 Kh8 24. Qh3 Bd7 25. g4 fxg4 26. Qxg4 Rxf1+ 27. Bxf1
Qf7 28. Bg2 Bb5 29. Kh2 Bf1 30. Bxf1 Qxf1 31. Qxe6 Qf2+ 32. Kh3 Qf3+ 33. Kh2 Qf4+
34. Kh3 Qf3+ 35. Kh2 Kg7 36. Qd7+ Kg8 37. e6 Qf2+ 38. Kh3 Qf3+ 39. Kh2 Qf2+ 40.
Kh3 Qf3+ 41. Kh2 Qf2+ 42. Kh1 Qf1+ 43. Kh2 Qf2+ 1/2-1/2

[Event "POLFINAL MISTRZOSTW POLSKI JUNIOROW 2016 - D15"]
[Site "Centrum Kongresow i Rekreacji Orle Gniazdo ul. Wrzosowa 28a, Szczyrk"]
[Date "1899-12-30"]
[Round "2.1"]
[White "Gredka, Dominika"]
[Black "Krzysztynska, Anna"]
[Result "0-1"]
[WhiteTitle "I++"]
[BlackTitle "I"]
[WhiteElo "1629"]
[BlackElo "1541"]

1. e4 e5 2. Nf3 Nc6 3. Bb5 a6 4. Ba4 Nf6 5. d4 exd4 6. O-O b5 7. Bb3 Be7 8. e5
Ng8 9. Bd5 Bb7 10. Re1 Bc5 11. Ng5 Nh6 12. Qh5 Qe7 13. Nxf7 Nxf7 14. e6 Kd8 15.
Qxf7 h6 16. Qxe7+ Kxe7 17. exd7+ Kxd7 18. Be6+ Kd8 19. Nd2 Nb4 20. Bb3 Rf8 21.
Rf1 Kd7 22. a3 Nd5 23. Nf3 Rae8 24. Rd1 Kc8 25. Nxd4 Bxd4 26. h3 Bxf2+ 27. Kh2
Ne3 28. Bxe3 Rxe3 29. Rf1 Bg3+ 30. Kg1 Rfe8 31. Bf7 R8e5 32. Rad1 Re2 33. Bh5
Rxg2+ 34. Kh1 Rh2+ 35. Kg1 Rh1# 0-1

[Event "POLFINAL MISTRZOSTW POLSKI JUNIOROW 2016 - D15"]
[Site "Centrum Kongresow i Rekreacji Orle Gniazdo ul. Wrzosowa 28a, Szczyrk"]
[Date "1899-12-30"]
[Round "2.2"]
[White "Hryn, Zofia"]
[Black "Bilczewska, Olga"]
[Result "1/2-1/2"]
[WhiteTitle "I"]
[BlackTitle "I"]
[WhiteElo "1549"]
[BlackElo "1625"]

1. c4 e5 2. d3 Nf6 3. Nf3 Nc6 4. Nc3 h6 5. a3 a5 6. g3 Bc5 7. Bg2 d6 8. O-O O-O
9. Re1 Re8 10. Qc2 Qe7 11. e3 Bf5 12. Bd2 Qd7 13. Na4 Bh3 14. Bh1 Bf5 15. Bg2
Bh3 16. Bh1 Bf5 17. Bg2 Bh3 1/2-1/2

[Event "POLFINAL MISTRZOSTW POLSKI JUNIOROW 2016 - D15"]
[Site "Centrum Kongresow i Rekreacji Orle Gniazdo ul. Wrzosowa 28a, Szczyrk"]
[Date "1899-12-30"]
[Round "2.3"]
[White "Michalska, Aleksandra"]
[Black "Koruch, Maria"]
[Result "1/2-1/2"]
[WhiteTitle "I"]
[BlackTitle "I"]
[WhiteElo "1568"]
[BlackElo "1497"]

1. e4 c5 2. c4 Nc6 3. Nc3 e6 4. g3 Nf6 5. Bg2 d5 6. exd5 exd5 7. Nxd5 Nxd5 8. Bxd5
Nb4 9. Qe2+ Qe7 10. Qxe7+ Bxe7 11. Be4 f5 12. Bb1 Be6 13. a3 Nc6 14. d3 Nd4 15.
Be3 Nb3 16. Ra2 b5 17. Ne2 bxc4 18. Nf4 Bf7 19. dxc4 Bxc4 20. Bxf5 Rd8 21. Be6
Bxe6 22. Nxe6 Rd3 23. Ke2 c4 24. Rd1 Rxd1 25. Kxd1 Kf7 26. Nf4 Rd8+ 27. Kc2 Bf6
28. Ne2 a5 29. a4 Rb8 30. Ng1 Rd8 31. Nf3 Rb8 32. g4 g6 33. Nd2 Rb4 34. h3 Nd4+
35. Kd1 Ke6 36. Ne4 Nb3 37. Kc2 Ke5 38. Nc3 Rb8 39. Ne2 Ke4 40. Nf4 Kf3 41. Ne6
Re8 1/2-1/2

[Event "POLFINAL MISTRZOSTW POLSKI JUNIOROW 2016 - D15"]
[Site "Centrum Kongresow i Rekreacji Orle Gniazdo ul. Wrzosowa 28a, Szczyrk"]
[Date "1899-12-30"]
[Round "2.4"]
[White "Karlyk, Maria"]
[Black "Ossolinska, Matylda"]
[Result "0-1"]
[WhiteTitle "I"]
[BlackTitle "I"]
[WhiteElo "1517"]
[BlackElo "1565"]

1. e4 e5 2. Nf3 Nc6 3. Bc4 Bc5 4. c3 Nf6 5. d4 exd4 6. e5 Qe7 7. cxd4 Bb4+ 8. Bd2
Bxd2+ 9. Nbxd2 d5 10. Bb5 O-O 11. O-O Ng4 12. h3 Nh6 13. Bxc6 bxc6 14. Rc1 Bd7
15. Nb3 Rab8 16. Qd2 Rb5 17. Nc5 Rfb8 18. b3 Bc8 19. Qf4 Nf5 20. Kh2 Ra5 21. Qd2
Rab5 22. a4 Rb4 23. Rg1 Nxd4 24. Nxd4 Qxe5+ 25. Kh1 Qxd4 26. Qe2 g6 27. Qe8+ Kg7
28. Qxc6 Bf5 29. Rcd1 Qh4 30. Qxd5 Bxh3 31. Qe5+ Kg8 32. Qh2 Bf5 0-1

[Event "POLFINAL MISTRZOSTW POLSKI JUNIOROW 2016 - D15"]
[Site "Centrum Kongresow i Rekreacji Orle Gniazdo ul. Wrzosowa 28a, Szczyrk"]
[Date "1899-12-30"]
[Round "2.5"]
[White "Palka, Aleksandra"]
[Black "Kubiak, Aleksandra"]
[Result "0-1"]
[WhiteTitle "II"]
[BlackTitle "II"]
[WhiteElo "1108"]
[BlackElo "1167"]

1. e4 a6 2. d4 b5 3. Nf3 Bb7 4. Bd3 Nf6 5. e5 Nd5 6. Be4 e6 7. c3 c5 8. Nbd2 Qc7
9. O-O cxd4 10. cxd4 d6 11. Re1 Nd7 12. Nf1 dxe5 13. dxe5 h6 14. a3 N7b6 15. Bxd5
Nxd5 16. Ne3 Rd8 17. Nxd5 Rxd5 18. Qe2 Be7 19. Bf4 O-O 20. Rac1 Qd7 21. Red1 Rd8
22. Re1 Rd3 23. h3 Bxf3 24. gxf3 Qd4 25. Bg3 Rd2 26. Qe3 Qxe3 27. Rxe3 Rxb2 28.
Rc7 Bf8 29. Rc6 a5 30. Rcc3 b4 31. axb4 Bxb4 32. Rb3 Rxb3 33. Rxb3 Rc8 34. Bf4
Rc3 35. Rxc3 Bxc3 36. Bc1 Kh7 37. f4 Kg6 38. Kg2 f5 39. Ba3 Bb4 40. Bb2 Kf7 41.
h4 h5 42. Kf3 Ke7 43. Ke3 Kd7 44. Kd3 Kc6 45. Bc1 Kd5 46. Bb2 Kc5 47. Bd4+ Kb5
48. Ba1 Ba3 49. Bd4 Bc1 50. Kc3 Bxf4 51. Kb3 g5 52. hxg5 Bxg5 53. f3 Bf4 54. Kc3
h4 55. Bg1 h3 56. Kd4 h2 57. Bxh2 Bxh2 0-1

[Event "POLFINAL MISTRZOSTW POLSKI JUNIOROW 2016 - D15"]
[Site "Centrum Kongresow i Rekreacji Orle Gniazdo ul. Wrzosowa 28a, Szczyrk"]
[Date "1899-12-30"]
[Round "2.6"]
[White "Trembowiecka-wysota, Aleksandra"]
[Black "Majdecka, Nikola"]
[Result "1-0"]
[WhiteTitle "I"]
[BlackTitle "III"]
[WhiteElo "1491"]
[BlackElo "1060"]

1. e4 e5 2. Nf3 Nc6 3. d4 exd4 4. Nxd4 Nxd4 5. Qxd4 c5 6. Qd1 Qc7 7. Nc3 Nf6 8.
g3 d6 9. Bg2 Be7 10. O-O O-O 11. Bf4 Rd8 12. Qe2 Rb8 13. e5 Ne8 14. exd6 Bxd6
15. Nb5 Qb6 16. Bg5 f6 17. Nxd6 Qxd6 18. Bf4 Qf8 19. Qc4+ Kh8 20. Bxb8 Rd4 21.
Qe2 a6 22. Rfe1 Bd7 23. c3 Bb5 24. Qe7 Qxe7 25. Rxe7 Rd8 26. Ba7 c4 27. Rae1 h6
28. Bb6 Rb8 29. Rxb7 Rc8 30. Bh3 Nd6 31. Bxc8 Nxb7 32. Bxb7 1-0

[Event "POLFINAL MISTRZOSTW POLSKI JUNIOROW 2016 - D15"]
[Site "Centrum Kongresow i Rekreacji Orle Gniazdo ul. Wrzosowa 28a, Szczyrk"]
[Date "1899-12-30"]
[Round "2.7"]
[White "Robakowska, Paulina"]
[Black "Lascar, Maria Elena"]
[Result "0-1"]
[WhiteTitle "I"]
[BlackTitle "I+"]
[WhiteElo "1379"]
[BlackElo "1473"]

1. d4 d5 2. Nc3 e6 3. e4 dxe4 4. Nxe4 Nf6 5. Bg5 Be7 6. Bxf6 Bxf6 7. Nf3 O-O 8.
c3 b6 9. Bd3 Bb7 10. Qe2 c6 11. O-O-O a5 12. h4 Na6 13. g4 g6 14. g5 Bh8 15. h5
Nc7 16. Rh2 f5 17. gxf6 Bxf6 18. hxg6 hxg6 19. Qd2 Bg7 20. Neg5 Rf6 21. Ne5 Qe8
22. Nh7 Rf5 23. Bxf5 exf5 24. Re1 c5 25. Nf6+ Bxf6 26. Qh6 Qe7 27. Qxg6+ Qg7 28.
Qxg7+ Bxg7 29. Rg1 cxd4 30. cxd4 Ne6 31. Rh4 Rd8 32. Ng6 Nxd4 33. Rd1 Rc8+ 34.
Kb1 Kf7 35. a3 Kxg6 36. Rg1+ Kf7 37. Rh7 Ne6 38. Ka2 a4 39. Kb1 Be4+ 40. Ka2 Rc2
41. Ka1 Rxf2 42. Re1 Nd4 43. Rg1 Rg2 44. Rxg2 Bxg2 45. Rh2 Be4 46. Rf2 Ke6 47.
Ka2 Kd5 48. Rf1 Bh6 49. Rd1 Kc4 50. b3+ Nxb3 51. Rd6 Bg7 52. Rd1 Bc2 53. Rf1 Kc3
54. Rf3+ Bd3 55. Rf1 Bxf1 56. Kb1 Bd3+ 57. Ka2 Nc1+ 58. Ka1 Kc2# 0-1

[Event "POLFINAL MISTRZOSTW POLSKI JUNIOROW 2016 - D15"]
[Site "Centrum Kongresow i Rekreacji Orle Gniazdo ul. Wrzosowa 28a, Szczyrk"]
[Date "1899-12-30"]
[Round "2.8"]
[White "Lewicka, Natalia"]
[Black "Wasala, Wiktoria"]
[Result "0-1"]
[WhiteTitle "II"]
[BlackTitle "I"]
[WhiteElo "1240"]
[BlackElo "1370"]

1. e4 Nf6 2. e5 Nd5 3. d4 d6 4. Bc4 Nb6 5. Be2 dxe5 6. dxe5 Qxd1+ 7. Bxd1 Nc6 8.
Nf3 Bg4 9. Bf4 O-O-O 10. O-O Nc4 11. Nbd2 Nxd2 12. Nxd2 Bf5 13. Re1 h6 14. c3
g5 15. Be3 Nxe5 16. Bxa7 Nd3 17. Re2 b6 18. Bb3 e6 19. Nc4 Bc5 20. Ne3 Bg6 21.
Rd1 Nf4 22. Red2 Rxd2 23. Rxd2 Rd8 24. Rxd8+ Kxd8 25. Ba4 Be4 26. g3 Bxe3 27.
fxe3 Nd3 28. b4 Kc8 29. Bc2 Kb7 30. Bxb6 cxb6 31. Bxd3 Bxd3 32. Kf2 f5 33. Kf3
Be4+ 34. Ke2 Kc6 35. c4 b5 36. Kd2 bxc4 37. Kc3 Kb5 38. a4+ Kxa4 39. Kxc4 Bd5+
40. Kc5 Kb3 41. b5 Kc3 42. Kd6 Kd3 43. Ke5 Kxe3 44. Kf6 f4 45. Kg6 f3 46. Kxh6
f2 47. Kxg5 f1=Q 48. h4 Qf5+ 49. Kh6 Be4 50. h5 Qf6# 0-1

[Event "POLFINAL MISTRZOSTW POLSKI JUNIOROW 2016 - D15"]
[Site "Centrum Kongresow i Rekreacji Orle Gniazdo ul. Wrzosowa 28a, Szczyrk"]
[Date "1899-12-30"]
[Round "2.9"]
[White "Surpeta, Julia"]
[Black "Jedras, Adrianna"]
[Result "1-0"]
[WhiteTitle "I"]
[BlackTitle "I"]
[WhiteElo "1301"]
[BlackElo "1244"]

1. d4 Nf6 2. c4 b6 3. Nc3 e6 4. e4 Bb4 5. f3 O-O 6. a3 Be7 7. Bd3 Bb7 8. Nge2 c6
9. Bc2 d5 10. e5 Nfd7 11. cxd5 exd5 12. Nf4 Ba6 13. Nce2 Bh4+ 14. g3 Be7 15. O-O
Qc7 16. e6 Nf6 17. Bf5 Re8 18. exf7+ Kxf7 19. Ne6 Qb7 20. Ng5+ Kg8 21. Be6+ Kf8
22. Qc2 h6 23. Nf4 Rd8 24. Qg6 Bc5 25. dxc5 hxg5 26. Qxg5 Bxf1 27. Ng6+ Ke8 28.
Qe5 Nbd7 29. Bxd7+ Kxd7 30. Qf5+ Ke8 31. Qe6+ Qe7 32. Qxe7# 1-0

[Event "POLFINAL MISTRZOSTW POLSKI JUNIOROW 2016 - D15"]
[Site "Centrum Kongresow i Rekreacji Orle Gniazdo ul. Wrzosowa 28a, Szczyrk"]
[Date "1899-12-30"]
[Round "2.10"]
[White "Mykhaylyak, Wiktoria"]
[Black "Mytych, Wiktoria"]
[Result "1/2-1/2"]
[WhiteTitle "I"]
[BlackTitle "I"]
[WhiteElo "1197"]
[BlackElo "1277"]

1. d4 d5 2. c4 c6 3. Nc3 Nf6 4. Bf4 Bf5 5. Nf3 e6 6. a3 dxc4 7. e3 Nbd7 8. Bxc4
Nb6 9. Be2 Nbd5 10. Nxd5 Nxd5 11. Bg3 a6 12. O-O c5 13. dxc5 Bxc5 14. Qa4+ Qd7
15. Qxd7+ Kxd7 16. Ne5+ Ke7 17. Bf3 f6 18. e4 fxe5 19. exf5 Nf4 20. fxe6 Kxe6
21. Bxf4 exf4 22. b4 Bd4 23. Rae1+ Kf6 24. Bxb7 Ra7 25. Bd5 Bb2 26. Re6+ Kf5 27.
Rfe1 Rc8 28. R6e2 Rc1 29. Rxc1 Bxc1 30. a4 Ba3 31. b5 axb5 32. axb5 Bc5 33. h3
Ra5 34. Bc6 Bd4 35. Kh2 Ra1 36. Bd7+ Kg5 37. g3 fxg3+ 38. Kxg3 Ra3+ 39. f3 Re3
40. h4+ Kf6 41. Rd2 Be5+ 42. Kf2 Rb3 43. Rc2 Rc3 44. Rxc3 Bxc3 45. Ke3 Ke5 46.
f4+ Kd6 47. Bf5 h6 48. h5 Kc5 49. Bd7 Kb6 50. Ke4 Bf6 51. Kf5 Ba1 1/2-1/2

[Event "POLFINAL MISTRZOSTW POLSKI JUNIOROW 2016 - D15"]
[Site "Centrum Kongresow i Rekreacji Orle Gniazdo ul. Wrzosowa 28a, Szczyrk"]
[Date "1899-12-30"]
[Round "2.11"]
[White "Choinska, Debora"]
[Black "Nalezna, Gabriela"]
[Result "1-0"]
[WhiteTitle "I"]
[BlackTitle "II+"]
[WhiteElo "1274"]
[BlackElo "1233"]

1. e4 c6 2. d4 d5 3. Nc3 dxe4 4. Nxe4 Bf5 5. Ng3 Bg6 6. Bc4 Nf6 7. N1e2 h6 8. Nf4
Bh7 9. c3 e6 10. O-O Bd6 11. Re1 O-O 12. Bb3 Qc7 13. Qf3 Re8 14. Bd2 Nbd7 15.
Nd3 c5 16. dxc5 Nxc5 17. Nxc5 Bxc5 18. Bxh6 Rad8 19. Rad1 b6 20. Bg5 Be7 21. Bf4
Qc5 22. Be3 Qc7 23. Ba4 Rf8 24. Bf4 Qc5 25. Be3 Qc7 26. Bf4 Qc5 27. Qc6 Qxc6 28.
Bxc6 Bc5 29. Bf3 Bg6 30. Bg5 Be7 31. Bxf6 Bxf6 32. Be4 Bh7 33. Bxh7+ Kxh7 34.
Kf1 Kg6 35. Ke2 Be7 36. Rxd8 Rxd8 37. Rd1 Kf6 38. Rxd8 Bxd8 39. Nh5+ Kg6 40. Nf4+
Kf5 41. Nd3 Ke4 42. Nb4 a5 43. f3+ Kf5 44. Nc6 Bc7 45. Nd4+ Ke5 46. g3 Bd8 47.
Nc6+ Kd5 48. Nxd8 f6 49. Kd3 e5 50. c4+ Kd6 51. Nb7+ Kc6 52. Nxa5+ bxa5 53. Ke4
Kc5 54. b3 g6 55. f4 exf4 56. gxf4 Kb4 57. Kd5 g5 58. fxg5 fxg5 59. c5 Kb5 60.
c6 1-0